000
00302nam a2200133Ia 4500
008
240624s9999 xx 000 0 und d
041
_a
eng
082
_a
823 DEA
100
_a
DEAVER JEFFERY
245
_a
EDGE
260
_c
2011
_a
New Delhi
_b
Hodder
300
_a
25 : p. : cm. ; 18
365
_c
RS
_b
25
999
_c
19884
_d
19884